Informe General Centros afectados, Tormenta Sandy (Record no. 8182)
[ view plain ]
| 000 -LEADER | |
|---|---|
| campo de control de longitud fija | 00444nam a2200133Ia 4500 |
| 001 - NÚMERO DE CONTROL | |
| campo de control | 2796 |
| 008 - DATOS DE LONGITUD FIJA--INFORMACIÓN GENERAL | |
| campo de control de longitud fija | 241024s9999 xx 000 0 und d |
| 082 ## - NÚMERO DE LA CLASIFICACIÓN DECIMAL DEWEY | |
| Número de clasificación | RD/551.5/R426i |
| 100 ## - ENTRADA PRINCIPAL--NOMBRE DE PERSONA | |
| Nombre de persona | República Dominicana. Ministerio de Educación. Dirección General de Mantenimiento de Infraestructura Escolar |
| 245 #0 - MENCIÓN DEL TÍTULO | |
| Título | Informe General Centros afectados, Tormenta Sandy |
| 260 ## - PUBLICACIÓN, DISTRIBUCIÓN, ETC. | |
| Nombre del editor, distribuidor, etc. | Santo Domingo |
| Fecha de publicación, distribución, etc. | 2012 |
| 901 ## - ELEMENTOS DE DATOS A LOCAL LDA (RLIN) | |
| a | 11/2/2013 2:37:19 p.m. |
No items available.